MDQL
is popping MORE tags! Check the
thread
!
Quizzes
Events
Quiz Creation
Community
Videos
Private Events
Remove Ads
Sign In
Join for FREE
Feedback
Dark Mode
Quiz Categories
Sports
Geography
Music
Movies
Television
Just For Fun
Miscellaneous
History
Literature
Language
Science
Gaming
Entertainment
Religion
Holiday
For Kids
Quiz Lab
Recent
Popular Today
Quiz Kudos Today
Editor Picks
Curator Picks
Quizzes by...
Day
Popularity
Type
Ratings
Length
Year
Community
Subscriptions
Recent Discussions
Orange Saloon
Badges
Playlists
Quests
Create
Leaderboards
Showdown
Live 5
Trivia Bingo
Activity
Puzzle Library
Sporcle Events
Private Events
Virtual Trivia
Globe League
Become a Host
Pub Owners
SporcleCon
Opinionation
Our Games
Videos
Blog
Mobile Apps
Partnerships
Remove Ads and Go Orange
Feedback
Just For Fun
Clickable
Get the Picture
Humor
Quick Pick
Word Ladder
Missing Word
Mixed Word
Blitz
Minefield
This or That
Alphabet
Color
Typing
Sporcle
Puzzle
Word Play
Follow That Line
Logic
Just For Fun
Clickable
Get the Picture
Humor
Quick Pick
Word Ladder
Missing Word
Mixed Word
Blitz
Minefield
This or That
Alphabet
Color
Typing
Sporcle
Puzzle
Word Play
Follow That Line
Logic
Random Quiz
Search Sporcle
×
Editor Pick
Editor Pick
Just For Fun
Famous
Type in answers that appear in a list
Type in answers that appear in a list
Classic
Best Score? Go Orange.
Name a John ... (Blitz) Stats
Can you name the different 'John's that fit the clues below?
By
sweett310
2m
18 Questions
2,310 Plays
2,310 Plays
2,310 Plays
Comments
Comments
Give Quiz Kudos
Give Quiz Kudos
-
- Ratings
hide this ad
More Info
Replay
Link that replays current quiz
Next Quiz
Link to next quiz in quiz playlist
You Got
0%
They Got
Avg Score
30%
Avg Friend Score
Upgrade to see
Score Distribution
Jump to the score distribution portion of the page
Score
0/18
Timer
02:00
0
Plays Today
Can you name a John who...
John's Last Name
% Correct
Was a US President? (4)
John Adams, John Tyler, John Kennedy...
84.3%
Has travelled in space? (14)
John Glenn, John Casper, John 'Jack' Swigert...
55.3%
Reached #1 on the Billboard Charts? (16)
John Lennon, John Mellencamp, John Parr...
53.2%
Was a Saturday Night Live Cast Member? (2)
John Belushi, Jon Lovitz
46.5%
Is a member of the Football Hall of Fame? (11)
John Elway, Johnny Unitas, John Riggins,...
42.8%
Is currently a U.S. Senator? (11)
John McCain, John Kerry, John Boozman...
41.6%
Was a #1 Draft Pick in the NBA, MLB, NHL, or NFL? (5)
John Wall, John Lucas, John Tavares...
29.3%
Has won an Oscar for Acting? (2)
John Wayne, Jon Voight
28.9%
Was inducted into the Basketball Hall of Fame as a Player? (9)
John Havlicek, John Stockton, John Wooden...
24.6%
Can you name a John who...
John's Last Name
% Correct
Has been nominated for a Primetime Emmy for a Lead or Supporting Actor Role since 1980? (11)
Jon Hamm, John Ritter, John Goodman...
23.3%
Stopped terrorists from taking over Nakatomi Plaza? (1)
John McClane
22.5%
Is a member of the Baseball Hall of Fame? (12)
John McGraw, John Clarkson, John 'Home Run' Baker...
20.2%
Has won an Oscar for Directing? (3)
John Ford, John Huston, John Schlesinger
18.9%
Pitched more than 1,000 MLB innings from 2000-
2010? (4)
John Lackey, John Smoltz, Jon Lieber...
17.2%
Hit more than 300 MLB Homeruns? (2)
Johnny Bench, Johnny Mize
13.7%
Starred in one of the top 15 US domestic earning movies all-
time (not adjusted for inflation)? (10)
Johnny Depp, John Cleese, John Ratzenberger...
12.9%
Has won a Nobel Prize? (26)
John Steinbeck, John Hume, John Nash...
6.8%
Appeared as himself on 'Entourage'? (3)
John Stamos, John Cleese, Johnny Galecki
6.1%
Quiz Playlist
Details
Report
Send in Message
Add To Playlist
More Info:
NOTE: The variations "Johnny", "Jon", and "Jonathan" are also accepted. Number in parenthesis indicates total number of acceptable answers.
Classic:
Type in answers that appear in a list
Last Updated: Feb 16, 2017
Editor Pick in
Just For Fun
Quiz Scoreboard
CHALLENGE
Sign Up to Join the Scoreboard
Show All
Scores
Hide
Comments
May contain spoilers
Recently Published
Find the 'City' Movie
by crazypaving
Movies
60s
5x2 Blitz: Bands
by SL_Kpop136
Music
30s
Colored Red Africa Blitz
by spor1
Geography
30s
More to Explore
Quiz From the Vault
Featured Blog Post
14 Easter Pick-up Lines to Find Eggs With
hide this ad
You Might Also Like...
Tags
Blitz Quiz
Famous Quiz
john
Today's Top Quizzes in Just For Fun
Browse Just For Fun
hide this ad
Today's Top Quizzes in Famous
Browse Famous
Top Contributed Quizzes in Just For Fun
1
Name Just One - 10 to 1: Just For Fun
2
Ultimate Minefield Blitz VIII
3
Yarn Creations Logic Puzzle
4
Taylor Swift Logic Puzzle (Songs)
5
Kpop zombie apocalypse mystery (logic puzzle)
6
Survivor Winners Logic Puzzle
7
Quick 5-Color Logic (18)
8
Killer Double Trees 116 - Colour Mis-Match
9
Killer Double Trees 104 - Colour Mis-Match
10
Kyle's 122nd Triple Trees
Explore More
Trending Topics
Anime
NBA
Marvel
Disney
Harry Potter
Kpop
Crossword
Song
WWE
NFL
Soccer
The Office
Pokémon
Country
Puzzle
hide this ad
More By:
sweett310
Quiz
Plays
Rating
Category
Featured
Created
'A' Movies by Picture
442,306
4.28
Movies
May 29, 2011
'B' Movies by Picture
310,567
3.96
Movies
May 29, 2011
'C' Movies by Picture
278,095
4.33
Movies
May 30, 2011
'D' Movies by Picture
263,021
4.26
Movies
May 30, 2011
'H' Movies by Picture
205,810
4.41
Movies
Jun 1, 2011
Go to Creator's Profile
Score Distribution
Quiz Creator Spotlight
sweett310
Follow
Send a Message
Quizzes Created
-
Created Quiz Play Count
-
More By This Creator
Popular Quizzes Today
1
5x2 Blitz: Bands
2
Find the 'City' Movie
3
Colored Red Africa Blitz
4
Find the US States - No Outlines Minefield
5
The Countries of the World
6
Find the US States
7
9x9 Crossword: Cartoon Network
8
US States
More Just For Fun Quizzes
Trees Logic Puzzle 265
Quiz Lab
Trending Quizzes
Colored Red Africa Blitz II
Colored Red Europe Blitz I
Christmas Pick: Judaism
Colored Red Africa Blitz III
Colored Red Europe Blitz II
Recently Updated
Champions League XIs: Real Madrid
pecheneg
Largest US Cities 1790-2010
pecheneg
Rides in Walt Disney World
pecheneg
Most Oscar Losses (Acting)
pecheneg
Beyoncé Albums
pecheneg
Leaping Animals
pecheneg
Reality TV Shows (A-Z)
bhenderson79
Rickey Henderson's Hall of Fame Teammates
pecheneg
Champions League XIs: Arsenal
pecheneg
Quick Pick: Celebrities in WWE's Hall of Fame
aduchscher
Trending Topics
Crossword
NBA
Marvel
Harry Potter
Disney
Kpop
Anime
NFL
The Office
Country
Pokémon
Puzzle
WWE
Song
Soccer
Your Account Isn't Verified!
In order to create a playlist on Sporcle, you need to verify the email address you used during registration. Go to your
Sporcle Settings
to finish the process.
Report this User
Report this user for behavior that violates our
Community Guidelines
.
Details:
Send Report
Go to the Sporcle.com Mobile Site →
Comments